00508 2200193 4500001002100000005001700021008004100038035002400079040001200103082001200115084001800127090002000145100001700165245004500182260003600227650002100263850001200284990001800296INLIS00000000002692920170412143221.0  0010-041700000000325 aYOPDYOG a370.114 a370.114 Wir S aL 370.114 Wir S aWiryapanitra aSerat Wedhatama Kawedharc/ Wiryapanitra aSolobBoekhandel Pasarponc1936 aPendidikan Moral aYOPDYOG a53894-PD/A.17